000 00560nam a22001457a 4500
020 _a9789351116295
082 _a323.445
100 _aSanoj Singh
245 _aLiberalization and Journalism
260 _aNew Delhi
_bRandom publications
_c2015
300 _a295p
942 _cBK
999 _c2857
_d2857